00546nam a22001697a 450000500170000001000150001702000260003203500140005803700130007208200130008510000190009824500900011726000520020727000770025930000210033650000190035720190805122103.0 aENG-126129 a9789353282288c750.00 aEN-109661 bDBAD/PUB a330.0954 aRedkar,Chaitra a Gandhian engagement with capital:bperspectives of J.C.Kumarappa/cby Chaitra Redkar bSage publication India Pvt.LtdaNew Delhic2019 aB1/I-1 Mohan Cooperative Industrial Area,Mathura RoadbNew Delhie110002 a217p.c21cm(pbk) aincludes index